[Event "45th IT Bosna 2015"]
[Site "Sarajevo"]
[Date "2015.06.02"]
[Round "6.40"]
[White "Hadzialic, Benjamin"]
[Black "Kurtcehajic, Suad"]
[Result "0-1"]
[WhiteElo "1924"]
[BlackElo "2058"]
[PlyCount "68"]
[EventDate "2015.05.30"]

1. e4 c6 2. d4 d5 3. Nc3 dxe4 4. Nxe4 Bf5 5. Ng3 Bg6 6. h4 h6 7. h5 Bh7 8. Nf3
Nd7 9. Bd3 Bxd3 10. Qxd3 Ngf6 11. Bf4 Qa5+ 12. Bd2 Qc7 13. O-O-O O-O-O 14. Ne4
Nxe4 15. Qxe4 Nf6 16. Qe2 e6 17. Kb1 Bd6 18. c4 Qe7 19. Ne5 Nd7 20. f4 Nxe5 21.
fxe5 Bc7 22. Bc3 Qg5 23. Rhf1 Rd7 24. Rd3 Rhd8 25. Bd2 Qh4 26. Rf4 Qe7 27. Be1
g5 28. hxg6 fxg6 29. Qe4 g5 30. Rf6 h5 31. Bf2 c5 32. a3 cxd4 33. Bxd4 Qh7 34.
Qxh7 Rxh7 0-1

[Event "45th IT Bosna 2015"]
[Site "Sarajevo"]
[Date "2015.06.02"]
[Round "6.41"]
[White "Agic, Ahmed"]
[Black "Osmanovic, Faruk"]
[Result "0-1"]
[WhiteElo "1843"]
[BlackElo "2042"]
[PlyCount "80"]
[EventDate "2015.05.30"]

1. d4 d5 2. Nf3 Nf6 3. c4 c6 4. Nc3 e6 5. e3 Nbd7 6. Qc2 Bd6 7. Be2 O-O 8. O-O
b6 9. a3 Bb7 10. b4 dxc4 11. Bxc4 Rc8 12. Be2 c5 13. bxc5 bxc5 14. Qb2 Rb8 15.
Qd2 Qe7 16. Rd1 Rfd8 17. Qa2 Ne4 18. Nxe4 Bxe4 19. dxc5 Nxc5 20. Nd2 Be5 21.
Nxe4 Rxd1+ 22. Bxd1 Nxe4 23. Rb1 Rd8 24. Bb2 Bxh2+ 25. Kf1 Nd2+ 26. Ke2 Nxb1
27. Qxb1 Qd6 28. Qc2 Be5 29. Bc1 Qa6+ 30. Kf3 Rc8 31. Qe4 Qc6 32. Qxc6 Rxc6 33.
Bd2 Bc3 34. Bxc3 Rxc3 35. a4 Kf8 36. Be2 Ke7 37. g4 Kd6 38. Bb5 Kc5 39. Be8 f6
40. Ke2 Kb4 0-1

[Event "45th IT Bosna 2015"]
[Site "Sarajevo"]
[Date "2015.06.02"]
[Round "6.42"]
[White "Jelen, Darko"]
[Black "Arda, Cagil Irmak"]
[Result "1/2-1/2"]
[WhiteElo "2039"]
[BlackElo "1822"]
[PlyCount "101"]
[EventDate "2015.05.30"]

1. e4 c6 2. d4 d5 3. e5 c5 4. c3 Nc6 5. h3 Bf5 6. Bd3 Bxd3 7. Qxd3 e6 8. Ne2
Nge7 9. a3 Ng6 10. O-O cxd4 11. cxd4 Be7 12. b4 O-O 13. f4 f6 14. Be3 Qe8 15.
Nd2 Nh4 16. Nf3 Nf5 17. Bf2 Qg6 18. Rad1 Bd8 19. Kh2 Bb6 20. g4 Nfe7 21. Qxg6
Nxg6 22. Kg3 Rac8 23. h4 Nge7 24. Rc1 Nb8 25. h5 Rxc1 26. Rxc1 Rc8 27. Be3 fxe5
28. Nxe5 Rxc1 29. Bxc1 Nec6 30. Bb2 Kf8 31. Kf3 Ke7 32. g5 Nxe5+ 33. fxe5 Kf7
34. Ke3 Nc6 35. Kd3 g6 36. h6 Ne7 37. Bc1 Nf5 38. Be3 Bd8 39. Bf4 Bb6 40. a4 a5
41. b5 Ke7 42. Be3 Kf7 43. Nc1 Bd8 44. Bd2 Nh4 45. Ke2 Nf5 46. Nb3 b6 47. Kf3
Ke8 48. Kg4 Be7 49. Kf3 Bd8 50. Bf4 Be7 51. Bd2 1/2-1/2

[Event "45th IT Bosna 2015"]
[Site "Sarajevo"]
[Date "2015.06.02"]
[Round "6.43"]
[White "Bucevac, Ljubisa"]
[Black "Maksimovic, Masa"]
[Result "1-0"]
[WhiteElo "2031"]
[BlackElo "1702"]
[PlyCount "75"]
[EventDate "2015.05.30"]

1. e4 c5 2. Nc3 Nc6 3. Bc4 Nf6 4. d3 d6 5. Nge2 g6 6. O-O Bg7 7. Bg5 O-O 8. Qd2
Re8 9. h3 Na5 10. Rad1 Nxc4 11. dxc4 a6 12. e5 Nd7 13. exd6 f6 14. dxe7 Qxe7
15. Bh4 Ne5 16. b3 Bxh3 17. f4 Ng4 18. gxh3 Ne3 19. Nd5 Nxd5 20. Qxd5+ Kh8 21.
Nc1 Rad8 22. Qf3 g5 23. Rde1 Qc7 24. fxg5 fxg5 25. Bxg5 Rxe1 26. Rxe1 Rf8 27.
Qg2 Bd4+ 28. Kh1 h6 29. Bh4 Rg8 30. Qf3 Qd6 31. Nd3 Rf8 32. Qd5 Qxd5+ 33. cxd5
Rf5 34. d6 Rd5 35. Be7 Bc3 36. Re4 Bd2 37. Ne5 Bc3 38. d7 1-0

[Event "45th IT Bosna 2015"]
[Site "Sarajevo"]
[Date "2015.06.02"]
[Round "6.44"]
[White "Tomic, Jelena"]
[Black "Miladinovic, Zlatko"]
[Result "0-1"]
[WhiteElo "1333"]
[BlackElo "2029"]
[PlyCount "64"]
[EventDate "2015.05.30"]

1. e4 c6 2. d4 d5 3. e5 Bf5 4. Nf3 e6 5. Be2 Nd7 6. O-O h6 7. Be3 g5 8. Nfd2
Qb6 9. Nb3 Ne7 10. c4 dxc4 11. Bxc4 Nd5 12. N1d2 a5 13. a4 Bb4 14. Qh5 Bg6 15.
Qh3 Be7 16. Nf3 Qb4 17. Rfc1 Nxe3 18. fxe3 Nb6 19. Nfd2 Nd5 20. Qf3 Rd8 21.
Bxd5 cxd5 22. Rc7 O-O 23. Rac1 Rde8 24. Rd7 b5 25. axb5 a4 26. Nc5 Qxd2 27. Rf1
Qxb2 28. Qh3 Qxb5 29. Qxh6 Bxc5 30. Rc7 Be7 31. h4 Qe2 32. Rf3 Qe1+ 0-1

[Event "45th IT Bosna 2015"]
[Site "Sarajevo"]
[Date "2015.06.02"]
[Round "6.45"]
[White "Marinc, Damir"]
[Black "Pleh, Semir"]
[Result "1-0"]
[WhiteElo "2021"]
[BlackElo "1688"]
[PlyCount "45"]
[EventDate "2015.05.30"]

1. e4 d6 2. d4 g6 3. Nc3 Bg7 4. f3 e5 5. Be3 c6 6. dxe5 Bxe5 7. Qd2 Qf6 8. Nge2
Qe6 9. f4 Bxc3 10. Nxc3 Nf6 11. Bd3 O-O 12. h3 b5 13. a3 Bb7 14. O-O a6 15.
Rae1 c5 16. f5 Qd7 17. Bh6 Nc6 18. Bxf8 Rxf8 19. Nd5 Nxd5 20. exd5 Ne5 21. f6
Kh8 22. Qh6 Rg8 23. Rf4 1-0

[Event "45th IT Bosna 2015"]
[Site "Sarajevo"]
[Date "2015.06.02"]
[Round "6.46"]
[White "Markovic, Dino"]
[Black "Sitnic, Adnan"]
[Result "0-1"]
[WhiteElo "1905"]
[BlackElo "2014"]
[PlyCount "62"]
[EventDate "2015.05.30"]

1. d4 d6 2. Nf3 Bg4 3. e3 Nd7 4. Be2 e5 5. Nbd2 f5 6. dxe5 dxe5 7. h3 Bxf3 8.
Nxf3 Qf6 9. O-O O-O-O 10. Qe1 Bd6 11. Qc3 Ne7 12. b4 g5 13. Bb2 h5 14. Qa3 g4
15. Nh2 gxh3 16. gxh3 Qh4 17. e4 Rhg8+ 18. Kh1 Qxe4+ 19. Bf3 Qf4 20. Bc1 Qh4
21. Bg2 e4 22. Bd2 Nd5 23. c4 Nf4 24. Rg1 Nxg2 25. Rxg2 Rxg2 26. Kxg2 Rg8+ 27.
Kf1 Bxh2 28. Ke2 Be5 29. Rf1 e3 30. Qxe3 Qxc4+ 31. Ke1 Bd4 0-1

[Event "45th IT Bosna 2015"]
[Site "Sarajevo"]
[Date "2015.06.02"]
[Round "6.47"]
[White "Budisavljevic, Luka"]
[Black "Delic, Jasmin"]
[Result "0-1"]
[WhiteElo "1835"]
[BlackElo "1987"]
[PlyCount "112"]
[EventDate "2015.05.30"]

1. d4 Nf6 2. Nf3 g6 3. c4 Bg7 4. Nc3 O-O 5. Bf4 d6 6. h3 c5 7. e3 Qa5 8. Qd2
Nc6 9. d5 Nb4 10. Rc1 b5 11. a3 bxc4 12. axb4 cxb4 13. Nb1 Ne4 14. Qd1 b3+ 15.
Nfd2 Ba6 16. Na3 Nxd2 17. Qxd2 Qxd2+ 18. Kxd2 Bxb2 19. Rxc4 Bxa3 20. Rc7 Bb4+
21. Kc1 Rfc8 22. Rxc8+ Rxc8+ 23. Kb2 Bxf1 24. Rxf1 Rc3 25. Ra1 a5 26. e4 Rc2+
27. Kxb3 Rxf2 28. g3 f6 29. Rc1 g5 30. Rc8+ Kf7 31. Bc1 Rf3+ 32. Ka4 Rxg3 33.
h4 g4 34. Bh6 Kg6 35. Bf4 Rf3 36. Rg8+ Kf7 37. Rxg4 h5 38. Rg3 Rxf4 39. Re3
Rxh4 40. Kb5 Rh1 41. Kc6 h4 42. Kd7 a4 43. e5 dxe5 44. d6 Bxd6 45. Rc3 a3 46.
Rc8 a2 47. Rh8 a1=Q 48. Rh7+ Kg6 49. Rh8 Qa2 50. Rf8 Qd5 51. Rxf6+ exf6 52. Ke8
Rc1 53. Kd8 Rc8+ 54. Kxc8 Qc6+ 55. Kd8 Qc7+ 56. Ke8 Qe7# 0-1

[Event "45th IT Bosna 2015"]
[Site "Sarajevo"]
[Date "2015.06.02"]
[Round "6.48"]
[White "Musovic, Sabrija"]
[Black "Johnen, Franz"]
[Result "1-0"]
[WhiteElo "2043"]
[BlackElo "1717"]
[PlyCount "105"]
[EventDate "2015.05.30"]

1. e4 c5 2. Nf3 Nc6 3. d4 cxd4 4. Nxd4 e5 5. Nf5 d6 6. Nc3 Bxf5 7. exf5 Nf6 8.
Bg5 Be7 9. Qd2 O-O 10. O-O-O Nd4 11. Bd3 Rc8 12. Be3 Qb6 13. f3 d5 14. Nb5 a6
15. Nxd4 exd4 16. Bg5 Rfe8 17. Qf2 h6 18. Bd2 a5 19. a4 Bd6 20. Bb5 Re7 21. Kb1
Rec7 22. c3 Bc5 23. Qg3 dxc3 24. Bxc3 d4 25. Bd2 Bd6 26. Qe1 Re7 27. Qh4 Qc5
28. g4 Qc2+ 29. Ka2 Qc5 30. Ka1 Qd5 31. g5 hxg5 32. Bxg5 Qb3 33. Rc1 Rec7 34.
Rxc7 Rxc7 35. Bxf6 Rc2 36. Bxd4 Ba3 37. Rb1 f6 38. Qe4 Kh7 39. Qd3 Qxd3 40.
Bxd3 Rd2 41. Be4 Rxd4 42. bxa3 Rxa4 43. Ka2 Rd4 44. Rxb7 Kh6 45. Rb5 Rd2+ 46.
Rb2 Rd4 47. Kb3 Kh7 48. a4 Rb4+ 49. Ka3 Rd4 50. Rb5 Rd2 51. Rxa5 Rxh2 52. Rb5
Rh1 53. Rb1 1-0

[Event "45th IT Bosna 2015"]
[Site "Sarajevo"]
[Date "2015.06.02"]
[Round "6.49"]
[White "Nestorovic, Katarina"]
[Black "Luetic, Ante"]
[Result "1/2-1/2"]
[WhiteElo "1764"]
[BlackElo "2035"]
[PlyCount "108"]
[EventDate "2015.05.30"]

1. e4 c5 2. Nf3 d6 3. d4 cxd4 4. Nxd4 Nf6 5. Nc3 a6 6. f4 e6 7. Bd3 Be7 8. O-O
O-O 9. Be3 Nbd7 10. Qf3 Qc7 11. g4 b5 12. g5 Ne8 13. a3 Bb7 14. Qg3 Nc5 15. f5
Nxd3 16. cxd3 exf5 17. exf5 d5 18. Qh3 Bc5 19. Qh4 f6 20. g6 h6 21. Rfe1 Nd6
22. Qf4 Rfe8 23. Ne6 Bxe3+ 24. Rxe3 Qb6 25. Rae1 a5 26. Kf2 b4 27. Na4 Qc6 28.
Nd4 Qc7 29. Rxe8+ Rxe8 30. Rxe8+ Nxe8 31. Qxc7 Nxc7 32. Nc5 Bc8 33. Ncb3 bxa3
34. bxa3 Kf8 35. Nxa5 Ke7 36. Ke3 Kd6 37. Kf4 Na6 38. Nab3 Bd7 39. Ne6 Bxe6 40.
fxe6 Kxe6 41. Nd4+ Kd7 42. Nf5 Nc5 43. d4 Ne6+ 44. Kg4 Kc6 45. h4 Kb5 46. Ne3
Nc7 47. Kf5 h5 48. Ng2 Kc4 49. Nf4 Kxd4 50. Nxh5 Ne8 51. Nxg7 Nxg7+ 52. Kxf6
Nh5+ 53. Kg5 Ng7 54. Kf6 Nh5+ 1/2-1/2

[Event "45th IT Bosna 2015"]
[Site "Sarajevo"]
[Date "2015.06.02"]
[Round "6.50"]
[White "Can, Isil"]
[Black "Maksimovic, Bojan"]
[Result "1/2-1/2"]
[WhiteElo "1692"]
[BlackElo "1891"]
[PlyCount "131"]
[EventDate "2015.05.30"]

1. e4 c5 2. Nf3 Nc6 3. d4 cxd4 4. Nxd4 Nf6 5. Nc3 d6 6. Be2 g6 7. Be3 Bg7 8.
O-O O-O 9. Nb3 Bd7 10. f4 Rc8 11. Qd2 Ng4 12. Bxg4 Bxg4 13. h3 Bd7 14. Rad1 Na5
15. Bd4 Nc4 16. Qc1 b5 17. Bxg7 Kxg7 18. Kh1 Bc6 19. Rfe1 Qc7 20. Nd2 Nb6 21.
a3 a5 22. Na2 Bb7 23. c3 Qc6 24. Nf3 Na4 25. Nd4 Qd7 26. f5 Nc5 27. e5 Ne4 28.
Qf4 Rc5 29. Rxe4 Bxe4 30. f6+ Kh8 31. Qxe4 dxe5 32. fxe7 Re8 33. b4 axb4 34.
cxb4 f5 35. Qe2 Rd5 36. Nc3 exd4 37. Nxd5 Qxd5 38. Qd3 Rxe7 39. Qxd4+ Qxd4 40.
Rxd4 Re3 41. Rd5 Rxa3 42. Rxb5 Kg7 43. Rb7+ Kh6 44. b5 Rb3 45. b6 Rb2 46. Rb8
f4 47. b7 Kg5 48. Rf8 Rxb7 49. Kh2 Rb4 50. Rf7 h5 51. Rc7 Rb2 52. Rc3 Kh4 53.
Rc4 g5 54. Rd4 Rf2 55. Rc4 g4 56. hxg4 hxg4 57. Kg1 Kg3 58. Rc3+ f3 59. gxf3
Rg2+ 60. Kf1 Rf2+ 61. Kg1 Rxf3 62. Rc2 Re3 63. Rg2+ Kf4 64. Rf2+ Kg5 65. Kg2
Kh4 66. Rd2 1/2-1/2

[Event "45th IT Bosna 2015"]
[Site "Sarajevo"]
[Date "2015.06.02"]
[Round "6.51"]
[White "Celik, Eda"]
[Black "Becirbasic, Atif"]
[Result "1/2-1/2"]
[WhiteElo "1615"]
[BlackElo "1843"]
[PlyCount "89"]
[EventDate "2015.05.30"]

1. e4 e6 2. d4 d5 3. Nd2 c5 4. exd5 Qxd5 5. Ngf3 cxd4 6. Bc4 Qd8 7. Nb3 Nc6 8.
O-O Nf6 9. Nbxd4 Nxd4 10. Nxd4 a6 11. Re1 Be7 12. c3 O-O 13. h3 Qc7 14. Bb3 b6
15. Bg5 h6 16. Bh4 Rd8 17. Qe2 Nd5 18. Bxe7 Nxe7 19. Rad1 Bd7 20. Qh5 Nc6 21.
Re3 Nxd4 22. Rxd4 Be8 23. Red3 Rxd4 24. Rxd4 Rd8 25. Qd1 Rxd4 26. Qxd4 a5 27.
Bc2 b5 28. Qe4 g6 29. Qa8 Kf8 30. Bd3 Ke7 31. Qf3 Bc6 32. Qe3 Qd6 33. Be2 a4
34. Qxh6 a3 35. b3 Qe5 36. Qd2 Qe4 37. Bf3 Qb1+ 38. Kh2 Bxf3 39. gxf3 Qb2 40.
Qg5+ Kf8 41. Qd8+ Kg7 42. Qd4+ f6 43. Qa7+ Kh6 44. Qe3+ Kg7 45. Qa7+ 1/2-1/2

[Event "45th IT Bosna 2015"]
[Site "Sarajevo"]
[Date "2015.06.02"]
[Round "6.55"]
[White "Arda, Dogasu"]
[Black "Mahmutbegovic, Muharem"]
[Result "1/2-1/2"]
[WhiteElo "1529"]
[BlackElo "1856"]
[PlyCount "29"]
[EventDate "2015.05.30"]

1. d4 d5 2. Nf3 Bf5 3. c4 e6 4. Nc3 Nc6 5. a3 Nf6 6. Bg5 Be7 7. e3 Ne4 8. Bxe7
Nxe7 9. cxd5 Nxc3 10. bxc3 exd5 11. Bd3 Bg4 12. h3 Bh5 13. Be2 Qd6 14. Ne5 Bxe2
15. Qxe2 1/2-1/2

[Event "45th IT Bosna 2015"]
[Site "Sarajevo"]
[Date "2015.06.02"]
[Round "6.59"]
[White "Hamzic, Adil"]
[Black "Strinic, Hamdija"]
[Result "0-1"]
[WhiteElo "1823"]
[BlackElo "1690"]
[PlyCount "98"]
[EventDate "2015.05.30"]

1. e4 e5 2. Nf3 Nc6 3. Bb5 a6 4. Ba4 Bc5 5. O-O Nge7 6. Re1 b5 7. Bb3 O-O 8. c3
d6 9. d4 Bb6 10. Bg5 Bg4 11. d5 Na5 12. Bc2 Qd7 13. Nbd2 h6 14. Be3 Nc4 15.
Nxc4 bxc4 16. h3 Bh5 17. Kh2 Rae8 18. Ba4 Qc8 19. Bxe8 Qxe8 20. g4 Bg6 21. Nd2
f5 22. Bxb6 cxb6 23. exf5 Nxf5 24. gxf5 Rxf5 25. Ne4 Qf8 26. Rg1 Bh5 27. Qd2
Rf4 28. Rae1 Bf3 29. Rg2 Bxe4 30. Rxe4 Rxe4 31. Qxh6 Qf4+ 32. Qxf4 Rxf4 33. Kg3
Kf7 34. f3 g5 35. Kf2 Kf6 36. Ke3 Kf5 37. a4 e4 38. Rg3 b5 39. a5 Rh4 40. Kf2
exf3 41. Rxf3+ Ke5 42. Rf7 Rxh3 43. Kg2 Rd3 44. Ra7 Rd2+ 45. Kg3 Rxb2 46. Rxa6
Kxd5 47. Kg4 Rb3 48. Kxg5 Rxc3 49. Kf5 b4 0-1

[Event "45th IT Bosna 2015"]
[Site "Sarajevo"]
[Date "2015.06.03"]
[Round "7.2"]
[White "Kurajica, Bojan"]
[Black "Kozul, Zdenko"]
[Result "1/2-1/2"]
[WhiteElo "2518"]
[BlackElo "2620"]
[PlyCount "82"]
[EventDate "2015.05.30"]

1. Nf3 Nf6 2. c4 g6 3. b3 Bg7 4. Bb2 O-O 5. g3 d6 6. d4 e5 7. dxe5 Nfd7 8. Qd2
dxe5 9. Nc3 Re8 10. h4 e4 11. Ng5 Nf6 12. Qxd8 Rxd8 13. Rd1 Re8 14. Bg2 Bf5 15.
Nb5 Na6 16. O-O Ng4 17. Bxg7 Kxg7 18. Rd4 Nf6 19. Rfd1 Re7 20. f3 exf3 21. exf3
h6 22. Nh3 Bxh3 23. Bxh3 Nb4 24. R4d2 a5 25. Kf2 Rae8 26. Bf1 Na6 27. Re2 Nc5
28. Rxe7 Rxe7 29. Rd8 c6 30. Nc3 Rd7 31. Rxd7 Nfxd7 32. Ke3 f5 33. Be2 Kf6 34.
f4 h5 35. Bd1 Ke7 36. Bc2 Kd6 37. a3 Na6 38. Kd4 Ndc5 39. Ke3 Ne6 40. Bd1 Nec7
41. Be2 Ne6 1/2-1/2

[Event "45th IT Bosna 2015"]
[Site "Sarajevo"]
[Date "2015.06.03"]
[Round "7.5"]
[White "Nikolic, Predrag"]
[Black "Stojanovic, Dalibor"]
[Result "1-0"]
[WhiteElo "2618"]
[BlackElo "2498"]
[PlyCount "139"]
[EventDate "2015.05.30"]

1. d4 Nf6 2. Nf3 g6 3. g3 Bg7 4. Bg2 O-O 5. c4 d6 6. O-O Nbd7 7. Nc3 e5 8. e4
c6 9. h3 Qa5 10. Re1 exd4 11. Nxd4 Ne5 12. Bf1 Be6 13. Nxe6 fxe6 14. Kg2 Rad8
15. Bd2 Qc7 16. Rc1 c5 17. f4 Nc6 18. Kh2 Nd4 19. Bg2 e5 20. f5 gxf5 21. exf5
Nxf5 22. Rf1 Nd4 23. Bg5 Rde8 24. Nd5 Nxd5 25. Bxd5+ Kh8 26. Qh5 e4 27. Rxf8+
Rxf8 28. Bxe4 Be5 29. Kg2 Ne6 30. Bh4 Qg7 31. Kh1 Rf2 32. Rc2 Rf1+ 33. Kh2 Nd4
34. Rd2 Ne6 35. Qe8+ Nf8 36. Kg2 Rf4 37. Rf2 Rxf2+ 38. Kxf2 Bf6 39. Bxf6 Qxf6+
40. Ke3 Kg7 41. h4 b6 42. b3 Ng6 43. Bxg6 hxg6 44. Qe4 Qc3+ 45. Kf4 Qc1+ 46.
Qe3 Qf1+ 47. Qf3 Qa1 48. Qe4 Qf1+ 49. Kg5 Qf6+ 50. Kg4 a6 51. h5 gxh5+ 52. Kxh5
b5 53. Kg4 bxc4 54. bxc4 Qc3 55. Qb7+ Kg6 56. Qd5 Kg7 57. Kh4 a5 58. a4 Qa1 59.
Qxd6 Qxa4 60. Qxc5 Qb4 61. Qe5+ Kf7 62. Qd5+ Kg7 63. Kh5 a4 64. c5 a3 65. c6 a2
66. Qe5+ Kf7 67. Qd5+ Kg7 68. c7 a1=Q 69. c8=Q Qf8 70. Qg5+ 1-0

[Event "45th IT Bosna 2015"]
[Site "Sarajevo"]
[Date "2015.06.03"]
[Round "7.6"]
[White "Palac, Mladen"]
[Black "Vea, Odin Blikra"]
[Result "1-0"]
[WhiteElo "2561"]
[BlackElo "2234"]
[PlyCount "78"]
[EventDate "2015.05.30"]

1. Nf3 Nf6 2. c4 e6 3. g3 Be7 4. Bg2 O-O 5. d4 d5 6. O-O c6 7. Qc2 Nbd7 8. Rd1
Re8 9. Nbd2 Bf8 10. e4 Nxe4 11. Nxe4 dxe4 12. Qxe4 Qe7 13. Be3 e5 14. dxe5 f6
15. Bd4 fxe5 16. Bc3 Nf6 17. Qxe5 Qf7 18. Qf4 Re4 19. Qc1 Re8 20. Ne5 Qh5 21.
Qf4 Bc5 22. Re1 Rf8 23. Bf3 Bxf2+ 24. Kh1 Qf5 25. Qxf5 Bxf5 26. Re2 Bb6 27. g4
Be6 28. Kg2 Nd7 29. Nxc6 Bxc4 30. Ne7+ Kh8 31. Rd2 Nc5 32. Nf5 Rf7 33. Nd6 Rxf3
34. Kxf3 Rf8+ 35. Kg2 Be6 36. Nf5 Kg8 37. Rf1 Bxf5 38. Rxf5 Re8 39. Re5 Rc8 1-0

[Event "45th IT Bosna 2015"]
[Site "Sarajevo"]
[Date "2015.06.03"]
[Round "7.7"]
[White "Kovacevic, Aleksandar"]
[Black "Dizdarevic, Emir"]
[Result "1/2-1/2"]
[WhiteElo "2486"]
[BlackElo "2546"]
[PlyCount "70"]
[EventDate "2015.05.30"]

1. e4 c6 2. d4 d5 3. e5 c5 4. Nf3 cxd4 5. Nxd4 e6 6. Nd2 Ne7 7. N2f3 Nbc6 8.
Bd3 Nxd4 9. Nxd4 Nc6 10. Nxc6 bxc6 11. O-O g6 12. c4 Bg7 13. Bf4 O-O 14. Qc2 a5
15. Rac1 a4 16. cxd5 cxd5 17. Qc6 Bd7 18. Qd6 Rb8 19. Be3 Bb5 20. Qxd8 Rfxd8
21. Bxb5 Rxb5 22. Bd4 Rb4 23. Rfd1 Rc4 24. Kf1 Rdc8 25. Rxc4 Rxc4 26. Rd3 h5
27. Bc3 g5 28. h3 Kh7 29. b3 axb3 30. axb3 Rc8 31. g4 hxg4 32. hxg4 Kg6 33. Ke2
Rb8 34. Bd4 Rb5 35. Kd2 f6 1/2-1/2

[Event "45th IT Bosna 2015"]
[Site "Sarajevo"]
[Date "2015.06.03"]
[Round "7.8"]
[White "Jovanovic, Zoran"]
[Black "Djoric, Dusan"]
[Result "1-0"]
[WhiteElo "2518"]
[BlackElo "2268"]
[PlyCount "109"]
[EventDate "2015.05.30"]

1. e4 e6 2. d4 d5 3. Nc3 Bb4 4. exd5 exd5 5. Bd3 Nc6 6. a3 Be7 7. Nge2 Nf6 8.
O-O a6 9. h3 h6 10. Be3 Bd6 11. Ng3 Ne7 12. Qf3 Be6 13. Nce2 Ng6 14. Nf4 Nxf4
15. Bxf4 Bxf4 16. Qxf4 O-O 17. Rae1 Re8 18. Re3 b6 19. Rfe1 c5 20. c3 Qb8 21.
Qf3 cxd4 22. cxd4 Ra7 23. Ne2 b5 24. Nf4 Rae7 25. Bf5 Qd6 26. Nxe6 fxe6 27. Bg6
Rc8 28. g3 Rc4 29. Qe2 Ne4 30. Bxe4 dxe4 31. Rxe4 Rxd4 32. Rxe6 Rxe6 33. Qxe6+
Qxe6 34. Rxe6 Rd3 35. Re3 Rd2 36. b4 Kf7 37. g4 Rd4 38. Rf3+ Ke6 39. Rc3 Kd7
40. Kg2 a5 41. bxa5 Ra4 42. Kg3 g5 43. h4 Kd6 44. Re3 Kd5 45. f3 Kd6 46. a6 Kd5
47. Rb3 Kc5 48. hxg5 hxg5 49. a7 Rxa7 50. f4 Kc4 51. Rf3 gxf4+ 52. Rxf4+ Kc3
53. g5 Kd3 54. Kg4 Ke2 55. Rb4 1-0

[Event "45th IT Bosna 2015"]
[Site "Sarajevo"]
[Date "2015.06.03"]
[Round "7.9"]
[White "Savic, Miodrag R"]
[Black "Kosic, Dragan"]
[Result "1/2-1/2"]
[WhiteElo "2509"]
[BlackElo "2482"]
[PlyCount "41"]
[EventDate "2015.05.30"]

1. e4 e6 2. d4 d5 3. Nd2 c5 4. dxc5 Bxc5 5. Bd3 Nf6 6. Qe2 Nc6 7. Ngf3 O-O 8.
O-O Nb4 9. Nb3 Be7 10. Rd1 Nxd3 11. cxd3 b6 12. Bg5 h6 13. Bh4 Ba6 14. Qe1 Rc8
15. a4 dxe4 16. dxe4 Qc7 17. Nbd4 Rfd8 18. Rac1 Qb7 19. b4 Qa8 20. Rxc8 Rxc8
21. e5 1/2-1/2

[Event "45th IT Bosna 2015"]
[Site "Sarajevo"]
[Date "2015.06.03"]
[Round "7.10"]
[White "Gazik, Viktor"]
[Black "Jakovljevic, Vlado"]
[Result "0-1"]
[WhiteElo "2445"]
[BlackElo "2393"]
[PlyCount "118"]
[EventDate "2015.05.30"]

1. e4 c5 2. Nf3 d6 3. d4 cxd4 4. Nxd4 Nf6 5. Nc3 a6 6. h3 e6 7. g4 b5 8. Bg2
Bb7 9. a3 Nfd7 10. O-O Qc7 11. f4 Nc6 12. Be3 Nxd4 13. Qxd4 e5 14. Qd2 exf4 15.
Bxf4 Be7 16. Nd5 Bxd5 17. exd5 Bf6 18. Rae1+ Be5 19. g5 O-O 20. c3 Bxf4 21.
Qxf4 Ne5 22. Be4 Rae8 23. h4 Qc4 24. h5 Nd3 25. Qf5 Qc5+ 26. Kh2 g6 27. Qf6 Ne5
28. Kg3 Nd7 29. Qf4 f5 30. Bg2 Ne5 31. Qd4 Qc7 32. h6 Re7 33. Re3 Qc4 34. Rf4
Qc7 35. Rf1 Rfe8 36. Rfe1 Qc4 37. Bf1 Qc7 38. Bg2 Kf8 39. b3 Kg8 40. Kf4 Qa5
41. c4 bxc4 42. bxc4 Rc8 43. Rxe5 dxe5+ 44. Rxe5 Rxc4 45. Qxc4 Qd2+ 46. Kg3
Qxg5+ 47. Kh2 Rxe5 48. d6+ Kf8 49. Qc8+ Re8 50. d7 Qxh6+ 51. Kg1 Qe3+ 52. Kh1
Qe1+ 53. Kh2 Qh4+ 54. Kg1 Rd8 55. Qc5+ Qe7 56. Qd4 Rxd7 57. Qh8+ Kf7 58. Qxh7+
Kf6 59. Qh8+ Kg5 0-1

[Event "45th IT Bosna 2015"]
[Site "Sarajevo"]
[Date "2015.06.03"]
[Round "7.11"]
[White "Nestorovic, Dejan"]
[Black "Burovic, Rijad"]
[Result "1/2-1/2"]
[WhiteElo "2425"]
[BlackElo "2330"]
[PlyCount "75"]
[EventDate "2015.05.30"]

1. d4 Nf6 2. c4 g6 3. Nc3 Bg7 4. e4 d6 5. Be2 O-O 6. Bg5 c6 7. Qd2 a6 8. Nf3 b5
9. e5 dxe5 10. dxe5 Qxd2+ 11. Nxd2 Ng4 12. Bxe7 Re8 13. Bd6 Nxe5 14. O-O-O Bf5
15. Rhe1 Nbd7 16. f4 Ng4 17. Bxg4 Bxg4 18. Nf3 bxc4 19. Rxe8+ Rxe8 20. Re1
Rxe1+ 21. Nxe1 Nb6 22. Kd2 Nd5 23. Nc2 Be6 24. g3 f5 25. Bc5 Nf6 26. Bd4 Bd5
27. Ke2 Be4 28. Nxe4 Nxe4 29. Bxg7 Kxg7 30. Ne3 c3 31. b4 Kf6 32. Kd3 Ke6 33.
Nd1 c5 34. bxc5 Kd5 35. Nxc3+ Nxc3 36. Kxc3 Kxc5 37. Kb3 Kb5 38. Ka3 1/2-1/2

[Event "45th IT Bosna 2015"]
[Site "Sarajevo"]
[Date "2015.06.03"]
[Round "7.12"]
[White "Ivanov, Mikhail M"]
[Black "Trkulja, Goran"]
[Result "0-1"]
[WhiteElo "2384"]
[BlackElo "2324"]
[PlyCount "86"]
[EventDate "2015.05.30"]

1. d4 d5 2. c4 e6 3. g3 Nf6 4. Bg2 dxc4 5. Nf3 Nbd7 6. Nfd2 e5 7. Nxc4 exd4 8.
Qxd4 Bc5 9. Qd1 Ng4 10. O-O Qf6 11. e3 Nge5 12. Nxe5 Nxe5 13. Nc3 Bg4 14. Nd5
Qd6 15. f3 Be6 16. f4 Nc6 17. b4 Nxb4 18. Nxb4 Bxb4 19. Bb2 O-O 20. Qf3 c6 21.
Rfd1 Qc5 22. a3 Ba5 23. Bd4 Qf5 24. e4 Qg4 25. Qxg4 Bxg4 26. Rdb1 Bc8 27. e5
Rd8 28. Bf2 Bc3 29. Rd1 Bf5 30. Rxd8+ Rxd8 31. Rf1 h5 32. Bf3 g6 33. Bxa7 Ra8
34. Bc5 Ra5 35. Be7 Bd4+ 36. Kh1 c5 37. Rd1 b6 38. h4 Kg7 39. Bd6 f6 40. Bc7
Rxa3 41. exf6+ Kxf6 42. Bd8+ Ke6 43. Re1+ Kd7 0-1

[Event "45th IT Bosna 2015"]
[Site "Sarajevo"]
[Date "2015.06.03"]
[Round "7.13"]
[White "Popovic, Zoran"]
[Black "Vajic, Goran"]
[Result "1-0"]
[WhiteElo "2309"]
[BlackElo "2379"]
[PlyCount "120"]
[EventDate "2015.05.30"]

1. d4 Nf6 2. c4 g6 3. Nc3 Bg7 4. e4 d6 5. Nf3 O-O 6. Be2 e5 7. O-O Nc6 8. dxe5
dxe5 9. Bg5 Qe8 10. Nd5 Nxd5 11. cxd5 Nd4 12. Rc1 c6 13. dxc6 bxc6 14. Nxd4
exd4 15. Qc2 f5 16. Rfe1 Kh8 17. Bc4 f4 18. e5 Bf5 19. Qd2 f3 20. Qxd4 Be6 21.
Bf6 Qf7 22. Bxg7+ Kxg7 23. gxf3 Rad8 24. Bxe6 Qxe6 25. Qxa7+ Rf7 26. Qe3 Rdf8
27. Qb3 Qxb3 28. axb3 Rxf3 29. Re2 Rxb3 30. Rxc6 Rfb8 31. Rc7+ Kh6 32. Rcc2 Kg5
33. e6 Re8 34. Rc3 Rb7 35. Rce3 Rbe7 36. Kf1 Rb8 37. Ke1 Kf6 38. Rf3+ Kg7 39.
Kd1 Rb6 40. Rfe3 Kf6 41. Kc1 Rc7+ 42. Rc3 Re7 43. Rf3+ Kg7 44. Rfe3 Kf6 45. Kb1
Rd6 46. b3 g5 47. h3 h5 48. Kb2 h4 49. b4 g4 50. Re4 gxh3 51. Rxh4 Rd3 52. Re3
Rd2+ 53. Kb3 Rxf2 54. Rhxh3 Rf1 55. Rhf3+ Rxf3 56. Rxf3+ Ke5 57. Re3+ Kd5 58.
Ka4 Kc6 59. b5+ Kc5 60. Rc3+ Kb6 1-0

[Event "45th IT Bosna 2015"]
[Site "Sarajevo"]
[Date "2015.06.03"]
[Round "7.14"]
[White "Markoja, Boris"]
[Black "Gazik, Igor"]
[Result "1/2-1/2"]
[WhiteElo "2372"]
[BlackElo "2320"]
[PlyCount "84"]
[EventDate "2015.05.30"]

1. d4 Nf6 2. c4 g6 3. Nc3 Bg7 4. e4 O-O 5. Nf3 d6 6. Be2 e5 7. Be3 Ng4 8. Bg5
f6 9. Bh4 Qe8 10. d5 Na6 11. Nd2 f5 12. Bxg4 fxg4 13. Bg5 Rf4 14. g3 Rf7 15.
Qe2 Qf8 16. a3 Nc5 17. Be3 a5 18. b3 Bh6 19. O-O Bxe3 20. fxe3 Bd7 21. Rxf7
Qxf7 22. Rf1 Qe7 23. b4 axb4 24. axb4 Na4 25. Ra1 h5 26. Qd1 Qe8 27. Qb3 Nxc3
28. Qxc3 Qb8 29. Ra3 Ra4 30. Rxa4 Bxa4 31. Qa3 Qa7 32. Kf2 Qa6 33. Qc3 Bd7 34.
c5 Kf8 35. cxd6 cxd6 36. Qc7 Ke7 37. Nc4 Qa2+ 38. Ke1 Qb1+ 39. Ke2 Qxb4 40. Nb6
Qb5+ 41. Ke1 Qb1+ 42. Kf2 Qb2+ 1/2-1/2

[Event "45th IT Bosna 2015"]
[Site "Sarajevo"]
[Date "2015.06.03"]
[Round "7.15"]
[White "Obad, Andrija"]
[Black "Arapovic, Vitomir"]
[Result "1/2-1/2"]
[WhiteElo "2074"]
[BlackElo "2347"]
[PlyCount "75"]
[EventDate "2015.05.30"]

1. e4 g6 2. d4 Bg7 3. Nc3 d6 4. f4 c6 5. Nf3 Bg4 6. Be3 d5 7. e5 h5 8. Be2 Nh6
9. O-O e6 10. Qd2 Nd7 11. Nd1 Nf5 12. Bf2 Bf8 13. Ne3 Bxf3 14. Bxf3 h4 15. b3
b5 16. c4 bxc4 17. bxc4 Nxe3 18. Bxe3 Nb6 19. Rac1 Rc8 20. Be2 dxc4 21. Bxc4
Be7 22. Ba6 Rc7 23. Rc2 O-O 24. Rfc1 Ba3 25. Rb1 c5 26. Rb3 cxd4 27. Rxc7 Qxc7
28. Qxd4 Bc1 29. Rc3 Bxe3+ 30. Qxe3 Qd7 31. Qf2 Qa4 32. Bf1 Rd8 33. Qxh4 Qd4+
34. Kh1 Qd1 35. Kg1 Qd4+ 36. Kh1 Qd1 37. Kg1 Qd4+ 38. Kh1 1/2-1/2